Khảo sát khả năng tổng hợp Indole-3 Acetic acid (IAA) và cồ định đạm của vi khuẩn Gluconacetobacter sp. và Azospirilium sp. trên cây mía : Đề tài nghiên cứu khoa học cấp trường

Đề tài khảo sát các dòng vi khuẩn Gluconacetobacter sp. và Azospirilium sp. nhằm chọn lọc thêm các chủng vi sinh vật có triển vọng hướng tới sản xuất phân đạm sinh học cho cây mía và các loại cây trồng khác làm giải pháp để nâng cao năng suất nông...

ver descrição completa

Na minha lista:
Detalhes bibliográficos
Autor principal: Đỗ, Kim Nhung
Formato: Livro
Idioma:Undetermined
Publicado em: Cần Thơ Trường Đại học Cần Thơ 2010
Assuntos:
Tags: Adicionar Tag
Sem tags, seja o primeiro a adicionar uma tag!
Thư viện lưu trữ: Trung tâm Học liệu Trường Đại học Cần Thơ
LEADER 01593nam a2200241Ia 4500
001 CTU_164951
008 210402s9999 xx 000 0 und d
082 |a 660.62 
082 |b Nh513 
088 |a TSV2010-05 
100 |a Đỗ, Kim Nhung 
245 0 |a Khảo sát khả năng tổng hợp Indole-3 Acetic acid (IAA) và cồ định đạm của vi khuẩn Gluconacetobacter sp. và Azospirilium sp. trên cây mía : 
245 0 |b Đề tài nghiên cứu khoa học cấp trường 
245 0 |c Đỗ Kim Nhung , Vũ Thành Công (Sinh viên thực hiện) ; Nguyễn Thị Phương Tâm (Cán bộ hướng dẫn) 
260 |a Cần Thơ 
260 |b Trường Đại học Cần Thơ 
260 |c 2010 
520 |a Đề tài khảo sát các dòng vi khuẩn Gluconacetobacter sp. và Azospirilium sp. nhằm chọn lọc thêm các chủng vi sinh vật có triển vọng hướng tới sản xuất phân đạm sinh học cho cây mía và các loại cây trồng khác làm giải pháp để nâng cao năng suất nông nghiệp, hạn chế ô nhiễm môi trường và giảm thiểu những chi phí do việc bón phân đạm hóa học gây ra. 
650 |a Agricultural biotechnology,Bacteria,Công nghệ sinh học nông nghiệp,Vi khuẩn 
650 |x Isolation & purification,Phân lập và tinh chế 
904 |i Thoa, Hải 
915 |a CS 
980 |a Trung tâm Học liệu Trường Đại học Cần Thơ